Statistics for Strong Acids Study Set

Click here to take the quiz!

General Stats

  • This quiz has been taken 5 times
  • The average score is 4 of 6

Answer Stats

Answer% Correct
H2SO4
100%
HCl
100%
HNO3
75%
HBr
50%
HI
50%
HClO4
0%

Score Distribution

Percentile by Number Answered

Percent of People with Each Score

Your Score History

You have not taken this quiz